00605 2200205 4500001002100000005001500021035002000036007000300056008004100059020001400100082001200114084002000126100002200146245010100168250001200269260005200281300003000333600001500363856002100378INLIS00000000000651220211013101133 a0010-1021000145ta211013 0  a0216-0901 a572.565 aR 572.565 TIN i0 aTinny E Hernowati1 aInsulin :bTujuan Kasus Mengenai Struktur, Sintesa dan Perkembangan Insulin /cTinny E Hernowati aNomor 2 aJakarta :bJurnal Kedokteran dan Farmasi,c1988 a83 hlm :bIlus ;c27.5 cm 4aKedokteran aJurnal Kesehatan